Kliknij państwa Ameryki Południowej na mapie - Statystyki

Ogólne statystyki
  • Ten quiz został rozwiązany 343 razy
  • Średni wynik to 10 z 12
Odpowiedzi na mapie
Odpowiedzi zakodowano w zielono-czerwonej skali na mapie do tego quizu, zgodnie z poniższymi procentami.
 
Statystyki odpowiedzi
Odpowiedź % Poprawnych
Brazylia
97%
Argentyna
93%
Chile
89%
Peru
82%
Kolumbia
80%
Paragwaj
79%
Urugwaj
79%
Wenezuela
79%
Ekwador
78%
Surinam
78%
Boliwia
76%
Gujana
72%
Nie znaleziono quizów pasujących do podanych kryteriów
Rozkład punktacji
Procent ludzi z każdym wynikiem
Percentyl według liczby udzielonych odpowiedzi
Twoja historia wyników
Nie rozwiązałeś tego quizu